000
00184nam a2200073Ia 4500
008
170524s9999 xx 000 0 und d
100
_a
SAINI- DEVI.S
245
0
_a
HUMAN RESOURCE- MANAGEMENT
260
_b
RESPONSE BOOKS
999
_c
8246
_d
8246